banner koha

Efeito de tres niveis de umidade do solo na producao e qualidade do algodoeiro (Gossypium hirsutum L.)[Minas Gerais, Brasil] (Registro n. 314388)

MARC details
000 -LÍDER
campo de controle de tamanho fixo 01146naa a22003497a 4500
001 - NÚMERO DE CONTROLE
campo de controle BR8106319
003 - IDENTIFICADOR DO NÚMERO DE CONTROLE
campo de controle BR-BrBNA
005 - DATA E HORÁRIO DA ÚLTIMA TRANSAÇÃO
campo de controle 20240918174950.0
007 - CAMPO FIXO DE DESCRIÇÃO FÍSICA--INFORMAÇÃO GERAL
campo de controle de tamanho fixo ta
008 - CAMPO DE DADOS FIXOS--INFORMAÇÃO GERAL
campo de controle de tamanho fixo 230509b bl.||||| |||| 00| 0 por d
040 ## - FONTE DA CATALOGAÇÃO
Instituição da catalogação original BR-BrBNA
Idioma da catalogação por
Instituição que transcreveu o registro Biblioteca Nacional de Agricultura
041 ## - CÓDIGO DE IDIOMA
Código do idioma do texto/trilha sonora ou título diferente (Pt)
072 ## - CÓDIGO DE CATEGORIA DE ASSUNTO
Código de Categoria de Assunto F27
Código do objeto 0430
-- G514
090 ## - NÚMERO DE CHAMADA LOCAL
Número de chamada F27 BR8106319
100 1# - ENTRADA PRINCIPAL--NOME PESSOAL
Nome pessoal Purcino, J.R.C.
100 1# - ENTRADA PRINCIPAL--NOME PESSOAL
Nome pessoal Garrido, M.A.T.
100 1# - ENTRADA PRINCIPAL--NOME PESSOAL
Nome pessoal Lima, C.A. de S.
100 1# - ENTRADA PRINCIPAL--NOME PESSOAL
Nome pessoal Kakida, J.
100 1# - ENTRADA PRINCIPAL--NOME PESSOAL
Nome pessoal Laca-Buendia, J.P.
245 1# - TÍTULO
Título Efeito de tres niveis de umidade do solo na producao e qualidade do algodoeiro (Gossypium hirsutum L.)[Minas Gerais, Brasil]
260 3# - PUBLICAÇÃO, DISTRIBUIÇÃO, ETC.
Local de publicação, distribuição, etc. Belo Horizonte, MG (Brasil):
Data da publicação, distribuição, etc. 1981.
500 ## - NOTA GERAL
Nota geral Projeto algodao. Relatorio 78/79<br/>Belo Horizonte, MG (Brasil): 1981. p. 87-89<br/>(BR8106319-AM)F27<br/>
650 ## - ASSUNTO--TERMO TÓPICO
Cabeçalho tópico ou nome geográfico ALGODAO
650 ## - ASSUNTO--TERMO TÓPICO
Cabeçalho tópico ou nome geográfico CULTURA IRRIGADA
650 ## - ASSUNTO--TERMO TÓPICO
Cabeçalho tópico ou nome geográfico SOLO
650 ## - ASSUNTO--TERMO TÓPICO
Cabeçalho tópico ou nome geográfico UMIDADE
650 ## - ASSUNTO--TERMO TÓPICO
Cabeçalho tópico ou nome geográfico RENDIMENTO
650 ## - ASSUNTO--TERMO TÓPICO
Cabeçalho tópico ou nome geográfico MINAS GERAIS
773 0# - ENTRADA ANALÍTICA
Título Projeto algodao. Relatorio 78/79
Número de controle do registro F27 BR8106319
Partes relacionadas Belo Horizonte, MG (Brasil), 1981. p. 87-89
909 ## -
-- 202404
-- Lucia
-- 55
-- Lucia Elande
942 ## - ELEMENTOS DE ENTRADA ADICIONADOS (KOHA)
Tipo de material Koha Capítulo-Livro
Fonte da classificação ou esquema de arquivamento na estante Classificação AGRIS
Exemplares
Situação do descarte Fonte da classificação ou esquema de arquivamento na estante Situação física Não pode ser emprestado Coleção Biblioteca de origem Biblioteca atual Localização na estante Total de empréstimos Número de telefone completo Data de último acesso Número do exemplar Tipo de material Koha Situação das perdas Data de aquisição Fonte de aquisição
  Classificação AGRIS       Biblioteca Nacional de Agricultura - Binagri Biblioteca Nacional de Agricultura - Binagri Agrobase - Acervo Geral   0430 BR8106291 20/05/2024 01 Capítulo-Livro   2024-04-11 Portaria Interministerial nº 164/94

BINAGRI

Telefone: (61)3218-2567/2388/3357/2097 - binagri@agro.gov.br

Ministério da Agricultura e Pecuária , Esplanada dos Ministérios, Bloco D, Anexo B, Brasília/DF, CEP: 70.043-900